000 00624nam a2200229Ia 4500
003 OSt
005 20220924123443.0
006 a|||||r|||| 00| 0
007 ta
008 220923b |||||||| |||| 00| 0 urd d
024 _a312708
037 _cTextual
040 _aARTS
_cARTS
_burd
041 _2urd
_aurd
082 _aO168,1L97:g, P4
100 _aFarman Fatehpuri
_9192828
245 0 _aTamanna ka dosra qadam aur Ghalib
260 _aNew Delhi
_b Aakif India
_c2004
650 _aURDU POETRY
942 _hO168,1L97:g, P4
_cTEXL
_2CC
999 _c415781
_d415781